Catálogo público

Epidemiología en animales domésticos : control de enfermedades / (Record no. 166094)

MARC details
000 -CABECERA
campo de control de longitud fija 00769nam a2200301Ia 4500
001 - NÚMERO DE CONTROL
campo de control Z_3007
003 - IDENTIFICADOR DEL NÚMERO DE CONTROL
campo de control CHAP
008 - DATOS DE LONGITUD FIJA--INFORMACIÓN GENERAL
campo de control de longitud fija 220113s1990 xx 000 0 und d
010 ## - NÚMERO DE CONTROL DE LA BIBLIOTECA DEL CONGRESO
Número de control de LC 166094
020 ## - NÚMERO INTERNACIONAL ESTÁNDAR DEL LIBRO
Número Internacional Estándar del Libro 968-24-3673-7
040 ## - FUENTE DE LA CATALOGACIÓN
Centro/agencia transcriptor CHAP
082 ## - NÚMERO DE LA CLASIFICACIÓN DECIMAL DEWEY
Número de clasificación 636.089 O23e 1990
100 ## - ENTRADA PRINCIPAL--NOMBRE DE PERSONA
Nombre de persona Ocádiz García, Javier
9 (RLIN) 82719
245 ## - MENCIÓN DE TÍTULO
Título Epidemiología en animales domésticos : control de enfermedades /
Mención de responsabilidad, etc. por Javier Ocádiz García
250 ## - MENCIÓN DE EDICIÓN
Mención de edición 2 ed.
260 ## - PUBLICACIÓN, DISTRIBUCIÓN, ETC.
Lugar de publicación, distribución, etc. México, D. F. :
Nombre del editor, distribuidor, etc. Trillas,
Fecha de publicación, distribución, etc. 1990
300 ## - DESCRIPCIÓN FÍSICA
Extensión 196 p.
503 ## - NOTA DE HISTORIA BIBLIOGRÁFICA (BK CF MU) [OBSOLETO]
Nota de historia bibliográfica C/E
650 ## - PUNTO DE ACCESO ADICIONAL DE MATERIA--TÉRMINO DE MATERIA
Término de materia o nombre geográfico como elemento de entrada Epidemiología
650 ## - PUNTO DE ACCESO ADICIONAL DE MATERIA--TÉRMINO DE MATERIA
Término de materia o nombre geográfico como elemento de entrada Ganado
Subdivisión general Enfermedades
9 (RLIN) 44909
650 ## - PUNTO DE ACCESO ADICIONAL DE MATERIA--TÉRMINO DE MATERIA
Término de materia o nombre geográfico como elemento de entrada Veterinaria
9 (RLIN) 118987
901 ## - ELEMENTOS DE DATOS A LOCAL LDA (RLIN)
a 636.089 O23E 1990
902 ## - ELEMENTOS DE DATOS B LOCAL, LDB (RLIN)
a M
910 ## - DATOS DE OPCIÓN DEL USUARIO (OCLC)
Datos de opción del usuario 1990
942 ## - ELEMENTOS DE PUNTO DE ACCESO ADICIONAL (KOHA)
Tipo de ítem Koha Libro_
942 ## - ELEMENTOS DE PUNTO DE ACCESO ADICIONAL (KOHA)
Tipo de ítem Koha
Holdings
Estado de retiro Estado de pérdida Fuente del sistema de clasificación o colocación Estado dañado No para préstamo Código de colección Localización permanente Ubicación/localización actual Ubicación en estantería Fecha de adquisición Código de barras Fecha visto por última vez Número de copia Precio válido a partir de Tipo de ítem Koha Total de préstamos Fecha del último préstamo Restricciones de uso Fuente de adquisición Número de inventario Signatura topográfica completa
    Dewey Decimal Classification     General Zootecnia Zootecnia   20/01/2009 z_1676 18/01/2022 2 18/01/2022 Libro            
    Dewey Decimal Classification     General Zootecnia Zootecnia   20/01/2009 z_1677 18/01/2022 3 18/01/2022 Libro            
    Dewey Decimal Classification     General Zootecnia Zootecnia   20/01/2009 z_3128 18/01/2022 5 18/01/2022 Libro            
    Dewey Decimal Classification     General Zootecnia Zootecnia   20/01/2009 z_4965 18/01/2022 7 18/01/2022 Libro            
    Dewey Decimal Classification     General Zootecnia Zootecnia   20/01/2009 z_4966 25/02/2025 8 18/01/2022 Libro 1 25/02/2025        
    Dewey Decimal Classification     General Zootecnia Zootecnia   20/01/2009 z_5003 23/05/2025 Ej.10 18/01/2022 Libro 1 23/05/2025 Préstamo interno Compra C/E 636.089 O23e 1990
    Dewey Decimal Classification     General Zootecnia Zootecnia   20/01/2009 z_5029 11/05/2023 11 18/01/2022 Libro 1 11/05/2023        
    Dewey Decimal Classification     General Zootecnia Zootecnia   20/01/2009 z_5030 18/01/2022 12 18/01/2022 Libro            
    Dewey Decimal Classification     General Zootecnia Zootecnia   20/01/2009 z_5640 18/01/2022 1 18/01/2022 Libro            
    Dewey Decimal Classification     General Zootecnia Zootecnia   20/01/2009 z_5641 18/01/2022 6 18/01/2022 Libro            
    Dewey Decimal Classification     General Zootecnia Zootecnia   20/01/2009 z_5642 27/05/2025 9 18/01/2022 Libro 3 27/05/2025